000 00353nam a22001457a 4500
008 210427b ||||| |||| 00| 0 eng d
020 _a9780596156817
041 _aeng
080 _a339.138
082 _a339.138
100 _a60
101 _aMAR
245 _aThe new Community Rules Marketing on the Social Web
_cTamar Weinberg
942 _2udc
_cBK
999 _c56857
_d56857